| 000 | 00477nam a2200205Ia 4500 | ||
|---|---|---|---|
| 003 | OSt | ||
| 005 | 20140425133635.0 | ||
| 008 | 140130s9999 xx 000 0 und d | ||
| 020 | _a0590132156 | ||
| 050 |
_aPZ 7 _b.F8373To 1994 |
||
| 100 | _aFox, Mem | ||
| 245 |
_cMem Fox. _aTough Boris / |
||
| 260 |
_bScholastic, _c1994. _aNew York : |
||
| 300 |
_a30 p. : _bcol. ill. ; _c25 cm. |
||
| 440 | _v1 | ||
| 521 | _aG1 | ||
| 526 | _c190 | ||
| 942 |
_cBK _2lcc |
||
| 999 |
_c39941 _d39941 |
||